000 00681nam a2200193 4500
008 201207b ||||| |||| 00| 0 eng d
040 _bger
_cDE-2950
_erda
_aDE-2950
041 _ager
245 _aDer märkische Adel und Friedrich von Hohenzollern /
_cUwe Michas
264 _c2023
490 _aDie Mark Brandenburg
_vHeft 130: Konservative Mark
653 _aBrandenburg <Land>
653 _aHohenzollern, Friedrich von; -1416; Komtur, -1416
773 _dBerlin: Die Mark Brandenburg - Verlag für Regional- und Zeitgeschichte
_g(2023) Heft 130, S. 8-11: Abb.
_tDie Mark Brandenburg
942 _cA
999 _c373087
_d373087